000 00633nam a22002057a 4500
003 OSt
005 20260423140802.0
008 260423b |||||||| |||| 00| 0 eng d
020 _a9789966739556
040 _aKenya National Library Service
082 _a823.92 WAM
100 _aWamathai, Warugongo
_eauthor
245 _aA Life undeserved:
_bMaingi's tribulations
_cWarugongo wamathai
300 _a365 pages ;
_c18 cm.
650 _aMan - Women relationship
_vFiction
650 _aLife change events
_vFiction
942 _2ddc
_cBK
_n0
999 _c492355
_d492355